[Event "Titled Tuesday intern op 11th Jul Late"]
[Site "Chess.com INT"]
[Date "2023.07.11"]
[Round "7"]
[White "Marchesich, Giovanni"]
[Black "Merino Garcia, Rafael"]
[Result "0-1"]
[WhiteElo "2222"]
[BlackElo "2407"]
[PlyCount "62"]
[EventDate "2023.07.11"]
[EventType "swiss (blitz)"]
[EventRounds "11"]
[EventCountry "USA"]
[SourceTitle "EXT 2024"]
[Source "ChessBase"]
[SourceDate "2023.10.10"]
[SourceVersion "1"]
[SourceVersionDate "2023.10.10"]
[SourceQuality "1"]

1. e4 d6 2. d4 Nd7 3. c4 g6 4. f4 Bg7 5. Nc3 e5 6. Nf3 exd4 7. Nxd4 Ne7 8. Be3 0-0 9. Be2 Nc6 10. 0-0 Nf6 11. Bf3 Re8 12. Nxc6 bxc6 13. e5 dxe5 14. Bxc6 Bd7 15. Bxa8 Qxa8 16. fxe5 Rxe5 17. Bd4 Rg5 18. Qe2 Bc6 19. g3 Nh5 20. Bxg7 Nxg3 21. hxg3 Rxg3+ 22. Kh2 Rg2+ 23. Qxg2 Bxg2 24. Rf2 Bc6 25. Bf6 Qf8 26. Rd1 Qh6+ 27. Kg3 Qe3+ 28. Kg4 h5+ 29. Kh4 Qxf2+ 30. Kg5 Qf5+ 31. Kh6 Qxf6 0-1

[Event "Titled Tuesday intern op 11th Jul Late"]
[Site "Chess.com INT"]
[Date "2023.07.11"]
[Round "6"]
[White "Merino Garcia, Rafael"]
[Black "Banzea, Alexandru Bogdan"]
[Result "0-1"]
[WhiteElo "2407"]
[BlackElo "2394"]
[PlyCount "54"]
[EventDate "2023.07.11"]
[EventType "swiss (blitz)"]
[EventRounds "11"]
[EventCountry "USA"]
[SourceTitle "EXT 2024"]
[Source "ChessBase"]
[SourceDate "2023.10.10"]
[SourceVersion "1"]
[SourceVersionDate "2023.10.10"]
[SourceQuality "1"]

1. d4 Nf6 2. Nf3 c5 3. d5 b5 4. c3 a6 5. a4 Bb7 6. axb5 axb5 7. Rxa8 Bxa8 8. e4 Nxe4 9. Bxb5 g6 10. 0-0 Bg7 11. Re1 Nf6 12. c4 0-0 13. Nc3 e6 14. Bg5 h6 15. Bh4 exd5 16. Nxd5 Bxd5 17. cxd5 Qb6 18. Qd3 d6 19. b3 Nbd7 20. Bc6 Rb8 21. Bg3 Bf8 22. Ba4 Nh5 23. Nd2 Nxg3 24. hxg3 Ne5 25. Qe4 Qb4 26. Nc4 Nxc4 27. Qxc4 Qxe1+ 0-1

[Event "Titled Tuesday intern op 23rd May Early"]
[Site "Chess.com INT"]
[Date "2023.05.23"]
[Round "9"]
[White "Dehtiarov, Roman"]
[Black "Merino Garcia, Rafael"]
[Result "1-0"]
[WhiteElo "2289"]
[BlackElo "2407"]
[PlyCount "71"]
[EventDate "2023.05.23"]
[EventType "swiss (blitz)"]
[EventRounds "11"]
[EventCountry "USA"]
[SourceTitle "CBM 214 Extra"]
[Source "ChessBase"]
[SourceDate "2023.07.31"]
[SourceVersion "1"]
[SourceVersionDate "2023.07.31"]
[SourceQuality "1"]

1. c4 Nf6 2. Nc3 e6 3. e4 d6 4. d4 Nbd7 5. Nf3 g6 6. Bd3 Bg7 7. 0-0 0-0 8. h3 c5 9. e5 Ne8 10. dxc5 Nxc5 11. exd6 Nxd3 12. Qxd3 Qxd6 13. Qe2 Nf6 14. Bg5 h6 15. Bxf6 Bxf6 16. Ne4 Qe7 17. Nxf6+ Qxf6 18. Ne5 b6 19. Ng4 Qg5 20. Qf3 Ba6 21. b3 h5 22. Ne3 Rab8 23. Rfd1 Bb7 24. Qg3 Qxg3 25. fxg3 Rfd8 26. Kf2 Kf8 27. g4 hxg4 28. Nxg4 Ke7 29. Ne5 Be4 30. g4 g5 31. Ke3 f5 32. h4 Rxd1 33. Rxd1 gxh4 34. Rd7+ Kf6 35. Kf4 Rf8 36. g5# 1-0

[Event "Titled Tuesday intern op 23rd May Early"]
[Site "Chess.com INT"]
[Date "2023.05.23"]
[Round "6"]
[White "Ilkhomi, Jaloliddin"]
[Black "Merino Garcia, Rafael"]
[Result "1-0"]
[WhiteElo "1997"]
[BlackElo "2407"]
[PlyCount "109"]
[EventDate "2023.05.23"]
[EventType "swiss (blitz)"]
[EventRounds "11"]
[EventCountry "USA"]
[SourceTitle "CBM 214 Extra"]
[Source "ChessBase"]
[SourceDate "2023.07.31"]
[SourceVersion "1"]
[SourceVersionDate "2023.07.31"]
[SourceQuality "1"]

1. Nf3 Nf6 2. c4 e6 3. g3 b6 4. Bg2 Bb7 5. 0-0 Be7 6. d4 0-0 7. Nc3 Ne4 8. Nxe4 Bxe4 9. Nh4 Bxg2 10. Nxg2 d6 11. e4 Nd7 12. Be3 c5 13. Qd3 cxd4 14. Bxd4 Qc7 15. b3 Bf6 16. Rad1 Rfd8 17. Ne3 Bxd4 18. Qxd4 Ne5 19. Kg2 Qb7 20. f4 Nc6 21. Qc3 Ne7 22. Qd3 f5 23. Kf3 e5 24. Nd5 exf4 25. gxf4 fxe4+ 26. Qxe4 Nxd5 27. Qxd5+ Qxd5+ 28. Rxd5 Rd7 29. Rfd1 Rad8 30. b4 Rc7 31. R1d4 Rdc8 32. Rxd6 Rxc4 33. Ke4 Rxd4+ 34. Kxd4 Rc7 35. a4 Kf7 36. Kd5 Ke7 37. Re6+ Kd7 38. Re2 Rc1 39. Rg2 g6 40. f5 Rd1+ 41. Ke5 Re1+ 42. Kf6 Rf1 43. Kg7 Rxf5 44. Kxh7 Rf4 45. b5 Rxa4 46. Kxg6 Rb4 47. Rg5 Rh4 48. Rh5 Rg4+ 49. Kf6 Rf4+ 50. Kg5 Rc4 51. Kg6 Rc5 52. h4 Rc1 53. Rg5 Rf1 54. h5 Kd6 55. h6 1-0

[Event "Titled Tuesday intern op 23rd May Late"]
[Site "Chess.com INT"]
[Date "2023.05.23"]
[Round "1"]
[White "Mekhitarian, Krikor Sevag"]
[Black "Merino Garcia, Rafael"]
[Result "0-1"]
[WhiteElo "2537"]
[BlackElo "2407"]
[PlyCount "102"]
[EventDate "2023.05.23"]
[EventType "swiss (blitz)"]
[EventRounds "11"]
[EventCountry "USA"]
[SourceTitle "EXT 2024"]
[Source "ChessBase"]
[SourceDate "2023.10.10"]
[SourceVersion "1"]
[SourceVersionDate "2023.10.10"]
[SourceQuality "1"]

1. Nf3 Nf6 2. c4 e6 3. d4 Bb4+ 4. Bd2 Qe7 5. e3 b6 6. Bd3 Bb7 7. 0-0 a5 8. Bc1 d5 9. a3 Bd6 10. Nc3 0-0 11. Nb5 dxc4 12. Bxc4 Nbd7 13. Nxd6 Qxd6 14. b3 Ng4 15. g3 Ndf6 16. Bb2 Ne4 17. Be2 Rad8 18. Rc1 c5 19. dxc5 Qb8 20. Qc2 Nxc5 21. b4 Ne4 22. Bd3 f5 23. Qc7 Qxc7 24. Rxc7 Rxd3 25. Rxg7+ Kh8 26. Rxb7+ Ngf6 27. Bd4 axb4 28. axb4 Kg8 29. Rxb6 Rc8 30. Rxe6 Ng4 31. h3 Ngxf2 32. Rxf2 Nxf2 33. Kxf2 Rc2+ 34. Ke1 Rb3 35. Kd1 Rf2 36. Nd2 Rd3 37. Bc3 Rxc3 38. Rd6 Rxe3 39. g4 Rxh3 40. gxf5 Rh1+ 41. Kc2 Rxf5 42. Rd3 Rh2 43. Kc3 h5 44. Ne4 h4 45. Kc4 h3 46. Rg3+ Kh8 47. b5 Rc2+ 48. Nc3 Rh2 49. b6 Rf7 50. Nd5 Rh7 51. Nc7 Rg2 0-1

[Event "Titled Tuesday intern op 23rd May Early"]
[Site "Chess.com INT"]
[Date "2023.05.23"]
[Round "5"]
[White "Merino Garcia, Rafael"]
[Black "Iskusnyh, Sergei"]
[Result "1-0"]
[WhiteElo "2407"]
[BlackElo "2440"]
[PlyCount "95"]
[EventDate "2023.05.23"]
[EventType "swiss (blitz)"]
[EventRounds "11"]
[EventCountry "USA"]
[SourceTitle "CBM 214 Extra"]
[Source "ChessBase"]
[SourceDate "2023.07.31"]
[SourceVersion "1"]
[SourceVersionDate "2023.07.31"]
[SourceQuality "1"]

1. d4 d5 2. Nf3 Nf6 3. g3 c6 4. Bg2 Bf5 5. c4 e6 6. Nc3 h6 7. Qb3 Qb6 8. c5 Qa6 9. Bf1 Ne4 10. e3 b5 11. Nh4 Bh7 12. a4 Nd7 13. Ra2 bxa4 14. Rxa4 Qc8 15. Ba6 Qb8 16. Qb7 Be7 17. Qxc6 Bxh4 18. gxh4 Nxc3 19. bxc3 Qb1 20. 0-0 0-0 21. Qxd7 Qg6+ 22. Kh1 Qc2 23. Ra1 Rab8 24. Qd6 Kh8 25. Qg3 f5 26. Ba3 Rf6 27. h5 Rg8 28. c6 f4 29. exf4 Be4+ 30. f3 Bf5 31. c7 Qxc3 32. c8Q Rxc8 33. Bxc8 Qxc8 34. Rg1 Rf7 35. Bd6 Qb7 36. Be5 Kh7 37. Rac1 a5 38. Ra1 Qa7 39. Qg2 a4 40. Qa2 Qa6 41. Qxa4 Qe2 42. Qb3 Bd3 43. Raf1 Qd2 44. Qd1 Qc3 45. Re1 Qa3 46. Re3 Qa6 47. Qxd3+ Rf5 48. Qxa6 1-0